00361nam a2200121Ia 4500008004100000020002200041041000800063082002400071100002300095245006100118260005100179300000900230230314s9999 xx 000 0 und d a978-93-90619-93-1 aeng aF/610.73/GOY/DB1037 aGoyal Harindarjeet aTextbook of Nursing Foundations for BSc Nursing Students bCBS Publishers & DistributorsaNew Delhic2022 a764p